Commutative algebra / (Record no. 14556)

MARC details
000 -LEADER
fixed length control field 01131cam a2200277 i 4500
001 - CONTROL NUMBER
control field TB12029
003 - CONTROL NUMBER IDENTIFIER
control field IN-BhIIT
005 - DATE AND TIME OF LATEST TRANSACTION
control field 20251112170034.0
008 - FIXED-LENGTH DATA ELEMENTS--GENERAL INFORMATION
fixed length control field 190426r20191958nyu 001 0 eng
020 ## - INTERNATIONAL STANDARD BOOK NUMBER
ISBN 9780486838601 (v. 2)
040 ## - CATALOGING SOURCE
Original cataloging agency IN-BhIIT
041 ## - LANGUAGE CODE
Language code of text eng
082 00 - DEWEY DECIMAL CLASSIFICATION NUMBER
Classification number 512.44
Book number ZAR/C
100 1# - MAIN ENTRY--AUTHOR NAME
Personal name Zariski, Oscar,
Relator term Author.
245 10 - TITLE STATEMENT
Title Commutative algebra /
Statement of responsibility, etc by Oscar Zariski and Pierre Samuel.
260 ## - PUBLICATION, DISTRIBUTION, ETC. (IMPRINT)
Place of publication New York :
Name of publisher Dover Publications,
Year of publication 2022.
300 ## - PHYSICAL DESCRIPTION
Number of Pages 2 v. , xii, 414 p. :
Dimensions(size) 23 cm.
Other physical details(ill.) ill. ;
490 0# - SERIES STATEMENT
Series statement Dover books on mathematics
500 ## - GENERAL NOTE
General note Originally published: Princeton, N.J. : Van Nostrand Company, Inc., 1958-1960. Reprinted: New York : Springer-Verlag, 1975-1976.
504 ## - BIBLIOGRAPHY, ETC. NOTE
Bibliography, etc Includes bibliographical references and index.
505 0# - FORMATTED CONTENTS NOTE
Formatted contents note Introductory concepts -- Elements of field theory -- Ideals and modules -- Noetherian rings -- Valuation theory -- Polynomial and power series rings -- Local algebra.
650 #0 - SUBJECT ADDED ENTRY--TOPICAL TERM
Topical Term Commutative algebra.
700 1# - ADDED ENTRY--PERSONAL NAME
Personal name Samuel, Pierre,
Relator term Joint author.
Personal name Cohen, Irvin Sol,
Relator term Joint author.
942 ## - ADDED ENTRY ELEMENTS (KOHA)
Koha item type Text Book
Koha issues (borrowed), all copies 2
Holdings
Withdrawn status Lost status Damaged status Not for loan Collection code Home library Current library Date acquired Source of acquisition Cost, normal purchase price Full call number Accession Number Cost, replacement price Price effective from Koha item type
Not withdrawn Not Lost not damaged   SBS Central Library, IIT Bhubaneswar Central Library, IIT Bhubaneswar 12/12/2024 52 1845.73 512.44 ZAR/C TB12029 2528.40 12/12/2024 Text Book
Not withdrawn Not Lost not damaged   SBS Central Library, IIT Bhubaneswar Central Library, IIT Bhubaneswar 12/12/2024 52 2153.35 512.44 ZAR/C TB12028 2949.80 12/12/2024 Text Book

Central Library, Indian Institute of Technology Bhubaneswar, 4th Floor, Administrative Building, Argul, Khordha, PIN-752050, Odisha, India
Phone: +91-674-7138750 | Email: circulation.library@iitbbs.ac.in (For circulation related queries),
Email: info.library@iitbbs.ac.in (For other queries)